Retrouve la carrière du footballeur - Statistiques

Statistiques générales
  • Ce quiz a été pris 532 fois
  • Le résultat moyen est 15 sur 20
Statistiques - réponses
Questions Réponses % Correct
Footballeur international français évoluant au poste de défenseur, je suis passé par Bordeaux,Séville et à présent Barcelone. Qui suis je ? Jules Koundé
93%
Footballeur international français évoluant au poste de défenseur, je suis passé par le RC Lens, le Real Madrid et Manchester United. Qui suis je ? Raphael Varane
93%
Footballeur international français évoluant au poste de gardien de but, j'ai joué au Havre, à l'OM,à Nancy,a Caen, a Nottingham et à présent je joue au RC Lens. Qui suis je ? Brice Samba
90%
Footballeur international Canadien évoluant au poste d'attaquant, je suis passé par La Gantoise avant de rejoindre Lille OSC. Qui suis je ? Jonathan David
90%
Footballeur international anglais évoluant au poste de milieu offensif, je suis passé par Birmingham City, Dortmund et a présent le Real Madrid. Qui suis je ? Jude Bellingham
90%
Footballeur international belge évoluant au poste de gardien de but, je suis passé par Genk,Chelsea, Atletico Madrid et maintenant le Real Madrid. Qui suis je ? Thibaut Courtois
90%
Footballeur international nigérian évoluant au poste d'attaquant, je suis passé par Wolfsburg,Charleroi, Lille puis Naples. Qui suis je ? Victor Osimhen
89%
Footballeur international belge évoluant au poste d'attaquant, je suis passé par le Club Bruges, le Vitesse Arnhem, le RC Lens et maintenant le RB Leipzig. Qui suis je ? Lois Openda
85%
Footballeur international anglais évoluant au poste d'ailier, je suis passé par Dortmund, Manchester United et a présent Dortmund de nouveau. Qui suis je ? Jadon Sancho
82%
Footballeur international sénégalais évoluant au poste de milieu défensif, je suis passé par Lille, Aston Villa, Everton, Paris et Everton. Qui suis je ? Idrissa Gueye
80%
Footballeur français évoluant au poste d'attaquant, j'ai fais mes débuts au Stade de Reims, puis au Vejle Boldklub,ensuite j'ai rejoins le PSG et je suis à présent en Allemagne a Francfort. Qui suis je ? Hugo Ekitike
77%
Footballleur international argentin évoluant au poste de milieu, je suis passé par le Racing Club, Valence, Racing club,Udinese, Atlético Madrid. Qui suis je ? Rodrigo De Paul / De Paul
76%
Footablleur français évoluant au poste de mileu offensif, je suis passé par Montpellier, Arles Avignon, Newcastle, Marseille, Saint Etienne, Krasnodar, et a présent Lille. Qui suis je ? Rémy Cabella
75%
Footballeur international anglais évoluant au poste d'ailier. je suis passé par Aston Villa, Notts County et Manchester City. Qui suis je ? Jack Grealish
72%
Footballeur international espagnol évoluant au poste d'attaquant, je suis passé par Barcelone et actuellement en pret à Brighton. Qui suis je ? Ansu Fati
69%
Footballeur international espagnol évoluant au poste d'ailier. je suis passé par Valence, Manchester City et à présent Barcelone. Qui suis je ? Ferran Torres
68%
Footballeur international anglais évoluant au poste d'ailier, je suis passé par Watford en étant jeune et maintenenant Arsenal depuis 2008. Qui suis je ? Bukayo Saka
65%
Footballeur international italien évoluant au poste de milieu, je suis passé par Milan, Sassuolo,et la Juventus. Qui suis je ? Manuel Locatelli
45%
Footballeur international belge évoluant au poste de milieu défensif, je suis passé par Stuttgart, Hambourg,Nottingham Forest et Lyon. Qui suis je ? Orel Mangala
35%
Footballeur international italien évoluant au poste de milieu de terrain, je suis passé par Hoffenheim, Dynamo Dresde,Francfort, Fribourg,Borussia M'gladbach, Hoffenheim, Fribourg. Qui suis je ? Vincenzo Grifo
34%
Aucun quiz correspondant
Distribution des résultats
% des personnes avec chaque résultat
Percentile par nombre de réponses
Votre historique - résultats
Vous n’avez pas pris ce quiz